| 000 | 01344nam0a2200397 4500 | ||
|---|---|---|---|
| 001 | RU\NLR\bibl\431623 | ||
| 005 | 20260408172329.0 | ||
| 010 |
_a5-93825-058-7 _950 |
||
| 021 |
_aRU _b2003-31024 _91462 |
||
| 035 | _a(NLR Aleph) 000425470 | ||
| 090 |
_a721615 _c721615 |
||
| 100 | _a20030811d2003 k y0rusy50 ca | ||
| 101 | 0 | _arus | |
| 102 | _aRU | ||
| 105 | _aa ||||||||| | ||
| 200 | 1 |
_aПреобразования Лоренца. Новые горизонты _fА.П. Ардашев |
|
| 210 |
_aКиров _cБ. и. _d2003 |
||
| 215 |
_a50 с. _cил. _d21 |
||
| 320 | _aБиблиогр. в конце гл. | ||
| 517 | 0 | _aНовые горизонты | |
| 606 | 0 |
_aЛоренца преобразования _92087624 _3RU\NLR\auth\661263794 |
|
| 606 |
_aПреобразования (мат.) Лоренца _3RU\NLR\auth\66686124 _91566924 |
||
| 610 | 0 | _aПреобразования (мат.) Лоренца | |
| 675 |
_a530.1 _v3 _zrus |
||
| 686 |
_a29 _2rugasnti |
||
| 686 |
_a22.313 _2rubbk |
||
| 686 | _aВ313 | ||
| 700 | 1 |
_aАрдашев _bА. П. _gАлексей Петрович _4070 |
|
| 801 | 0 |
_aRU _bRKP _c20030811 _gPSBO |
|
| 801 | 1 |
_aRU _bRKP _c20030811 |
|
| 801 | 2 |
_aRU _bNLR _c20031105 _grcr |
|
| 830 | _aАвт. раскрыт по кн. | ||
| 942 | _cBOOK | ||
| 980 | _aNB | ||
| 980 | _aNBR | ||